000
00280nam a2200121Ia 4500
100
_a
IBM Corporation
942
_c
BK
654
_a
PC/xt Technical Reference
245
_a
PC/xt Technical Reference
260
_b
International B.M. Corporation
546
_a
ENGLISH
999
_c
28130
_d
28130